000 00976cam a2200325 i 4500
001 120870
005 20230410123552.0
008 150907s2013 fr rb 000 0 fre d
020 _a9782297032018
020 _a2297032013
041 0 _afre
050 1 4 _aKJV 1539
_bR396e 2013
082 0 0 _a346.44
100 1 _aRenault-Brahinsky, Corinne.
245 1 2 _aL'essentiel du droit des obligations 2013 /
_cCorinne Renault-Brahinsky.
246 3 _aDroit des obligations
250 _a9e éd.
260 _aParis :
_bGualino-Lextenso éditions,
_c2013.
300 _a144 p. ;
_c17 cm.
440 0 _aLes carrés.
_pdroit, science politique
504 _aIncludes bibliographical references.
650 0 _aObligations (Law)
_zFrance.
650 0 _aCivil law
_zFrance.
650 4 _aObligaciones (Derecho civil)
650 4 _aObligaciones (Derecho civil)
_zFrancia.
650 4 _aDerecho civil
_zFrancia.
650 4 _a20150900
942 _2lcc
_cbk
946 _aJaaM
999 _c64064
_d64064